000 00341nam a2200133Ia 4500
008 151213s9999 xx 000 0 und d
100 _aJohn Dicksoncarr
245 _aThe Waxworks Murder
_cJohn Dicksoncarr
260 _aEngland
_bPenguing Books
_c1938
300 _a4606 p.
650 _aEnglish
700 _aJohn Dicksoncarr
999 _c2964
_d2964